000 01148cab a2200301 4500
001 WB3112-47
008 090401t1995 xxu||||| |||| 00| 0 eng d
035 _a(Sirsi) u35954
041 _aeng
245 _aGlossary of plan
260 _c1995
350 _a0
490 _aEstates Gazette Case Summaries
_v(1995) EGCS 44 (18/3/95)
520 _a"Reigate and Banstead BC v SoS Environment and another" QBD 8 March 1995. An application to extend a residential property was refused as it would result in the loss of a small family dwelling as defined in the glossary of the local plan. Applicant successfully appealed. R&B`s application to quash inspector`s decision refused.
650 _aFAMILY DWELLINGS
650 _aGLOSSARY
650 _aHOUSE EXTENSION
650 _aLOCAL DEVELOPMENT PLANS
650 _aPLANNING PERMISSION
650 _aPLANNING POLICY GUIDANCE NOTE 12
650 _aPPG12
650 _aREIGATE AND BANSTEAD BC V SOS ENVIRONMENT AND ANOTHER
650 _aRESIDENTIAL PROPERTY
_96266
650 _aSTRUCTURE PLANS
690 _aPLANNING LAW AND PRACTICE-CASE LAW
942 _n0
948 _c04/03/1997
999 _c23492
_d23492